Reverzná logistika bakalárska práca

Salvato in:
Dettagli Bibliografici
Autore principale: Kucsora, Ladislav
Ente Autore: Fakulta podnikového manažmentu EU. Katedra manažmentu výroby a logistiky - zrušená
Altri autori: Dudek, Slavomír
Natura: Libro
Lingua:slovacco
Pubblicazione: Bratislava 2009
Tags: Aggiungi Tag
Nessun Tag, puoi essere il primo ad aggiungerne!!

MARC

LEADER 00000nam$a2200000$$$4500
001 0102475
005 20240320075355.2
041 0 |a slo 
044 |a SK 
245 1 0 |a Reverzná logistika  |b bakalárska práca  |c Ladislav Kucsora ; škol. Slavomír Dudek 
264 1 |a Bratislava  |c 2009 
300 |a 39 s. 
100 1 |a Kucsora, Ladislav 
700 1 |a Dudek, Slavomír 
710 2 |a Fakulta podnikového manažmentu EU. Katedra manažmentu výroby a logistiky - zrušená